000 04060cam a22012854i 4500
003 PE-LiUPU
005 20250813185559.0
008 150706s r 000 0 d
020 _a9788471125279
035 _a(Sirsi) i9788471125279
040 _aPE-LiUPU
_bspa
_cPE-LiUPU
_erda
049 _aPRUA
082 0 4 _a371.1
_bH22
_221
100 1 _aHargreaves, Andy,
_eautor.
245 1 3 _aEl liderazgo sostenible :
_bsiete principios para el liderazgo en centros educativos innovadores /
_cAndy Hargreaves y Dean Fink.
264 1 _aMadrid :
_bMinisterio de Educación, Política Social y Deporte, Subdirección General de Información y Publicaciones Morota,
_c2008.
300 _a238 páginas ;
_c24 centímetros
336 _atext
_2rdacontent
337 _aunmediated
_2rdamedia
338 _avolume
_2rdacarrier
500 _aTítulo original: Sustainable leadership.
505 0 _aSostenibilidad e insostenibilidad -- Principio 1. Profundidad Aprendizaje e integridad -- Principio 2. Duración Permanencia y sucesión -- Principio 3. Amplitud distribución no delegación -- Principio 4. Justicia. Los demás y nosotros -- Principio 5. Diversidad. Complejidad y cohesión -- Principio 6. Iniciativa. Limitación y renovación -- Principio 7 .Conservación. Historia y legado -- La sostenibilidad en acción. Menú fijo, no a la carta.
526 _aP202
526 _aP201
526 _aP163
526 _aP162
526 _aP161
526 _aP160
526 _aP148
526 _aP147
526 _aP146
526 _aP145
526 _aP144
526 _aP143
526 _aP142
526 _aP141
526 _aP140
526 _aP139
526 _aP138
526 _aP137
526 _aP136
526 _aP135
526 _aP134
526 _aP133
526 _aP129
526 _aP128
526 _aP127
526 _aP120
526 _aP119
526 _aP118
526 _aP116
526 _aP115
526 _aP114
526 _aP110
526 _aP109
526 _aP108
526 _aP104
526 _aP103
526 _aP102
526 _aP99
526 _aP98
526 _aP97
526 _aP96
526 _aP95
526 _aP93
526 _aP90
526 _aP89
526 _aP88
526 _aP83
526 _aP82
526 _aP62
526 _aP59
526 _aP58
526 _aP57
526 _aP51
526 _aP49
526 _aP48
526 _aP47
526 _aP29
526 _aP24
526 _aP20
526 _aP19
526 _aP17
526 _aP15
526 _aP14
526 _aP12
526 _aP10
526 _aP09
526 _aP08
526 _aP07
526 _aP06
526 _aP05
526 _aP04
526 _aP01
541 _g001-001040;
541 _g004-220687;
650 0 4 _aAdministración y organización escolar.
650 0 4 _aEducación
_xFines y objetivos.
650 0 4 _aInnovaciones educativas.
_91842
650 0 4 _aLiderazgo en la enseñanza.
700 1 _aFink, Dean,
_eautor.
910 _agl
_bjv
_clch
_d20101116
910 _adbm
_bksl
_cksl
_d20171206
942 _2ddc
_cBOOK
949 _aPGE 371.1 H22
_wDEWEY
_c1
_i62281
_d2015-10-29
_e2015-9-21
_lCCODEBUL1
_mBUL
_n1
_p39.00
_q2
_r0
_sY
_tBOOK
_u2015-7-6
_xEDUCACION
_PP57
_0COMPRA
_o.CIRCNOTE. No olvidar cambiar la fecha de devolución!!!!!!!
_o.STAFF. Colección General
994 _aC0
_bPEPRU
596 _a1
999 _aPGE 371.1 H22
_wDEWEY
_c51354
_i62281
_d51354
_e2015-9-21
_f2021-11-8
_g5
_lCCODEBUL1
_mBUL
_n1
_p39.00
_q2
_r0
_sY
_tBOOK
_u2015-7-6
_xEDUCACION
_PP57
_0COMPRA
_o.CIRCNOTE. No olvidar cambiar la fecha de devolución!!!!!!!
_o.STAFF. Colección General
999 _aPGE 371.1 H22
_wDEWEY
_c2
_i77414
_f2021-11-8
_g4
_lCCODEBUL1
_mBUL
_p32.43
_r0
_sY
_tBOOK
_u2017-12-6
_xEDUCACION
_PP69
_0COMPRA
_o.STAFF. Colección Ciencias de la Salud
980 _81
_gALBERTO SANCHEZ Responsable de Automatización